00854 2200313 4500001002100000005001500021035002000036007000300056040001700059100002600076245007000102250001200172300002600184041000800210082001000218084001600228090002000244264003700264336002100301337003000322338002300352650002200375850001000397008004100407500002300448500003000471504003000501990000900531INLIS00000000000869920260518104532 a0010-1022000074ta aSBPUPADbind0 aSagimun MDePengarang1 aPeranan Pemuda Dari Sumpah Pemuda Sampai Proklamasi /cSagimun Md a.-cet.1 axiv,388 hlm. ;c21 cm aind a959.8 a959.8 SAG p a813 JAS d 24-10 a.--Jakarta :bBina Aksara,c1989 2rdacontentateks 2rdamediaatanpa perantara 2rdacarrieravolume 4aSejarah Indonesia aPUPAD260518 0  aindeks hlm 371-388 acatatan kaki, hlm 359-362 aBibliografi, hlm 363-370 a22/B